000 00198nam a2200097Ia 4500
008 230605s9999 xx 000 0 und d
041 _aeng
100 _aYoshil
245 _aSushil
650 _aF. P.
999 _c417522
_d417522